Алтайские имена; Прогрессивные технологии и экономика в машиностроении

Библиографические подробности
Источник:Прогрессивные технологии и экономика в машиностроении.— 2014.— [С. 457-459]
Главный автор: Саду А. А.
Автор-организация: Национальный исследовательский Томский политехнический университет (ТПУ) Юргинский технологический институт (филиал) (ЮТИ) Кафедра гуманитарного образования и иностранных языков (ГОИЯ)
Другие авторы: Ульянова О. В. Ольга Викторовна (научный руководитель)
Примечания:Заглавие с экрана
Язык:русский
Опубликовано: 2014
Серии:Актуальные вопросы прикладной филологии в техническом вузе
Предметы:
Online-ссылка:http://earchive.tpu.ru/handle/11683/73540
Формат: MixedMaterials Электронный ресурс Статья
Запись в KOHA:https://koha.lib.tpu.ru/cgi-bin/koha/opac-detail.pl?biblionumber=614815

MARC

LEADER 00000naa2a2200000 4500
001 614815
005 20231101132828.0
035 |a (RuTPU)RU\TPU\conf\12985 
035 |a RU\TPU\conf\12979 
090 |a 614815 
100 |a 20151014d2014 k y0rusy50 ca 
101 0 |a rus  |g rus 
102 |a RU 
105 |a y z 100zy 
135 |a drgn ---uucaa 
181 0 |a i  
182 0 |a b 
200 1 |a Алтайские имена  |f А. А. Саду  |g науч. рук. О. В. Ульянова 
203 |a Текст  |c электронный 
215 |a 1 файл(261 Кб) 
225 1 |a Актуальные вопросы прикладной филологии в техническом вузе 
230 |a Электронные текстовые данные (1 файл: 261 Кб) 
300 |a Заглавие с экрана 
320 |a [Библиогр.: с. 459 (3 назв.)] 
337 |a Adobe Reader 
463 1 |0 (RuTPU)RU\TPU\conf\11902  |t Прогрессивные технологии и экономика в машиностроении  |o сборник трудов V Всероссийской научно-практической конференции для студентов и учащейся молодежи, 3-5 апреля 2014 г. Юрга  |f Национальный исследовательский Томский политехнический университет (ТПУ), Юргинский технологический институт (ЮТИ) ; отв. ред. Д. А. Чинахов  |v [С. 457-459]  |d 2014 
610 1 |a электронный ресурс 
610 1 |a труды учёных ТПУ 
610 1 |a Алтай 
610 1 |a имена 
610 1 |a антропонимы 
610 1 |a алтайцы 
700 1 |a Саду  |b А. А. 
702 1 |a Ульянова  |b О. В.  |c лингвист  |c старший преподаватель Юргинского технологического института (филиала) Томского политехнического университета  |f 1973-  |g Ольга Викторовна  |2 stltpush  |4 727 
712 0 2 |a Национальный исследовательский Томский политехнический университет (ТПУ)  |b Юргинский технологический институт (филиал) (ЮТИ)  |b Кафедра гуманитарного образования и иностранных языков (ГОИЯ)  |h 5788  |2 stltpush  |3 (RuTPU)RU\TPU\col\18978 
801 1 |a RU  |b 63413507  |c 20101016 
801 2 |a RU  |b 63413507  |c 20221102  |g RCR 
856 4 |u http://earchive.tpu.ru/handle/11683/73540 
942 |c BK